|
|
|
|
| LEADER |
00977nam a2200241 a 4500 |
| 001 |
13332213 |
| 008 |
090601s2004 enka b 001 0 eng d |
| 010 |
|
|
|a 2003049477
|
| 020 |
|
|
|a 027368356X (pbk. : alk. paper)
|
| 040 |
|
|
|a DLC
|c DLC
|d C#P
|d DLC
|
| 082 |
0 |
0 |
|a 658.15
|2 22
|
| 100 |
1 |
|
|a Watson, Denzil.
|
| 245 |
1 |
0 |
|a Corporate finance :
|b principles & practice /
|c Denzil Watson and Antony Head.
|
| 250 |
|
|
|a 3rd ed.
|
| 260 |
|
|
|a Harlow, Eng. ;
|a New York :
|b Prentice Hall Financial Times,
|c 2004.
|
| 300 |
|
|
|a xvi, 492 p. :
|b ill. ;
|c 25 cm.
|
| 504 |
|
|
|a Includes bibliographical references and index.
|
| 541 |
1 |
|
|e 000015601
|
| 650 |
|
0 |
|a Corporations
|x Finance.
|
| 700 |
1 |
|
|a Head, Antony,
|d 1953-
|
| 852 |
4 |
|
|a Ayesha Abed Library
|j General shelf
|
| 999 |
|
|
|c 1192
|d 1192
|
| 952 |
|
|
|0 0
|1 0
|2 ddc
|4 0
|6 658_150000000000000_WAT
|7 0
|9 1078
|a BRACUL
|b BRACUL
|c GEN
|d 2009-06-24
|g 0.00
|l 7
|m 46
|o 658.15 WAT
|p 3010015601
|r 2026-05-03
|s 2026-04-26
|t 1
|w 2009-06-24
|y BK
|x No price found in the accession register.
|